Gynaecology and Obstetrics / (Record no. 35756)
[ view plain ]
| 000 -LEADER | |
|---|---|
| fixed length control field | 00427nam a22001577a 4500 |
| 005 - DATE AND TIME OF LATEST TRANSACTION | |
| control field | 20240513112909.0 |
| 008 - FIXED-LENGTH DATA ELEMENTS--GENERAL INFORMATION | |
| fixed length control field | 240513b |||||||| |||| 00| 0 eng d |
| 082 ## - DEWEY DECIMAL CLASSIFICATION NUMBER | |
| Classification number | 618.09 |
| Item number | BHA-G |
| 100 ## - MAIN ENTRY--AUTHOR | |
| Author Name | Bhattacharya's |
| 245 ## - TITLE STATEMENT | |
| Title | Gynaecology and Obstetrics / |
| Statement of responsibility, etc. | Bhattacharya's |
| 260 ## - PUBLICATION, DISTRIBUTION, ETC. | |
| Place of Publication | India ; |
| Name of publisher, distributor, etc. | UBS ; |
| Date of publication, distribution, etc. | 1978 . |
| 300 ## - PHYSICAL DESCRIPTION | |
| Pages | 556 P. : |
| 500 ## - GENERAL NOTE | |
| General note | Include index . |
| 650 ## - SUBJECT ADDED ENTRY--TOPICAL TERM | |
| Subject / Department | Medical / Gynaecology |
| 300 ## - PHYSICAL DESCRIPTION | |
| -- | ill; |
| -- | 23 cm. |
| 952 ## - LOCATION AND ITEM INFORMATION (KOHA) | |
| -- | 0 |
| -- | 0 |
| Lost status | Damaged status | Collection code | Permanent Location | Current Location | Shelving Location | Date acquired | Full Call Number | Accession No./Barcode | Date last seen | item type | Koha item type |
|---|---|---|---|---|---|---|---|---|---|---|---|
| Medical | Superior Information Resource Center (SIRC) Superior University- Main Campus | Superior Information Resource Center (SIRC) Superior University- Main Campus | Gynecology | 05/13/2024 | 618.09 BHA-G 1978 | 4133 | 10/16/2024 | BOOK | BOOK |
